000 00493nam a2200169Ia 4500
008 230718s9999 xx 000 0 und d
020 _a9780141044248
041 _aeng
082 _a303.48'30112
_bKAK
100 _aKaku M.
_9166509
245 _aPhysics Of The Future
_bThe Inventions That Will Transform Our Lives
260 _c2012
_bPenguin Books
300 _a389
365 _cRs.
_b499.00
700 _aKaku M.
_9166509
906 _dO:0333215-Mar-2013B:284208-Mar-2013
_cGENRL
_b109.78
999 _c332197
_d332197